000 00448nam a2200169Ia 4500
008 240729s9999 xx 000 0 und d
022 _a2151-8645
245 0 _aHumanimalia
260 _aNetherlands
260 _bHumanimalia
650 _a Anthropology | Science
650 _a Zoology
650 _aGeography. Anthropology. Recreation
856 _uhttps://doaj.org/toc/d24fc2d40c4b4ad9ba58040291352a71
942 _2ddc
942 _cDOAJEJ
999 _c73402
_d73402
945 _a1
_bMadushi Gamage
_c1
_dMadushi Gamage